000 00505nam a2200193Ia 4500
005 20250508165018.0
008 008 250505s9999 xx 000 0 hin d
037 _aTextual
040 _aFEDL
_beng
_cFEDL
041 _ahin
_2eng
084 _a150, MAN
_qFEDL
245 0 _aManovigyan
260 _aNew Delhi, India
_bPupils Publishing House (Pvt.) Limited
_c1990
300 _a558p.
365 _aINR
_b50
546 _aMACESE
942 _cTEXL
_h150, MAN
999 _c1392652
_d1392652